00374nam a22001337a 4500003000400000005001700004008004100021040000800062050001500070082001500085245006600100260006400166300001000230OSt20260618070022.0260618b |||||||| |||| 00| 0 eng d cDLC a236bW959P a236bW959P aProphetic Light in the Present Darkness/cby Kenneth S. Wuest aGrand Rapids, Michigan:bWm. B. Eerdmans Publishing,c1960. a135p.